El impacto fiscal del pago de la deuda externa.La experiencia argentina, 1980-1986 (Registro nro. 16511)

Detalles MARC
000 -LEADER
fixed length control field 00373 a2200109 4500
001 - CONTROL NUMBER
control field ART_3564
005 - DATE AND TIME OF LATEST TRANSACTION
control field 20260410161716.0
008 - FIXED-LENGTH DATA ELEMENTS--GENERAL INFORMATION
fixed length control field 260409a
100 1# - MAIN ENTRY--PERSONAL NAME
Personal name Bekerman, Marta
245 10 - TITLE STATEMENT
Title El impacto fiscal del pago de la deuda externa.La experiencia argentina, 1980-1986
773 0# - HOST ITEM ENTRY
Title Desarrollo económico
Related parts - Vol. 29, Nº 116 (ene./mar. 1990)
Record control number REV1174

No hay ítems disponibles.